000 00583nam a2200205Ia 4500
003 LDD
008 181029s9999 xx 000 0 und d
020 _a9781412901512
_cP 525.00
040 _cLDD
100 _aHamilton, Peter
245 0 _aVisual research methods
_cPeter Hamilton
260 _aLondon
_bSage
_c2006
300 _a4v.
365 _bP 525.00
440 _aSage benchmarks in social research methods
901 _a3388
_b27-03-2006
902 _a11179
_b28-03-2006
_cF
_dGBH
_e0
903 _aDiscount-10
_bReqst by : Prof. Uma Kanjilal
942 _2ddc
_cBK
999 _c76281
_d76281